| 000 | 01027cam a2200289 a 4500 | ||
|---|---|---|---|
| 999 |
_c1164 _d1164 |
||
| 001 | 3073217 | ||
| 003 | GZU | ||
| 005 | 20200928153804.0 | ||
| 008 | 971015s1999 nyua b 001 0 eng | ||
| 010 | _a 97045727 | ||
| 020 | _a0716735024 | ||
| 020 | _a0716732866 (Minibook) | ||
| 020 | _a0716734095 (disc) | ||
| 040 |
_aDLC _cDLC _dDLC |
||
| 050 | 0 | 0 |
_aQA276.12 _b.MOO 1999 |
| 100 | 1 |
_aMoore, David S. _eauthor |
|
| 245 | 1 | 0 |
_aIntroduction to the practice of statistics / _cDavid S. Moore, George P. McCabe. |
| 250 | _a3rd ed. | ||
| 260 |
_aNew York : _bW.H. Freeman, _cc1999. |
||
| 300 |
_a1 v. (various pagings) : _bcol. ill. ; _c27 cm. + _e1 computer laser optical disc (4 3/4 in.) |
||
| 504 | _aIncludes bibliographical references and index. | ||
| 650 | 0 | _aMathematical statistics. | |
| 700 | 1 |
_aMcCabe, George P. _eauthor |
|
| 906 |
_a7 _bcbc _corignew _d1 _eocip _f19 _gy-gencatlg |
||
| 942 |
_2lcc _cBK _e3rd ed. _h276.12 _iMOO _kQA |
||